| 000 | 01409nam a2200241Ia 4500 | ||
|---|---|---|---|
| 003 | Ost | ||
| 005 | 20260507075102.0 | ||
| 008 | 260507s9999||||xx |||||||||||||| ||und|| | ||
| 020 | _ax977590272 | ||
| 040 | _cfsecg | ||
| 041 | _aara | ||
| 082 | _a658.8 | ||
| 100 |
_aأبوعلفة ،عصام الدين أمين _eمؤلف |
||
| 245 | 0 |
_aاتجاهات تسويقية معاصرة : _bالتسويق الدولي / _cعصام الدين أمين أبوعلفة |
|
| 260 |
_aالإسكندرية: _bمؤسسة حورس, _c2003 |
||
| 300 |
_a253 صفحة؛ _bإيضاحات ؛ _c24 سم |
||
| 504 | _aبيبليوغرافيا: ص.251 | ||
| 520 | _aالمفهوم الحديث للتسويق،المدخل إلى التسويق الدولي،البيئة التسويقية الدولية،المنتج في إطار التسويق الدولي،التسعير في إطار التسويق الدولي،التوزيع في إطار التسويق الدولي،الترويج في إطار التسويق الدولي،استراتيجيات اختراق الأسواق الدولية،مشكلة التسويق الدولي في مصر | ||
| 653 | _aالترويج | ||
| 653 | _aالتسويق الدولي | ||
| 653 | _aالتوزيع | ||
| 942 | _cكتاب | ||
| 999 |
_c42802 _d42802 |
||